| 000 | 00723nam a22002295a 4500 | ||
|---|---|---|---|
| 005 | 20161010120541.0 | ||
| 008 | 161010t2015 njua frb 000 0 eng d | ||
| 020 | _a9781632422705 | ||
| 040 |
_aEG-ScBUE _beng _cEG-ScBUE _dEG-ScBUE |
||
| 082 | 0 | 4 |
_a617.52059 _bMAX _222 |
| 245 | 0 | 0 |
_aMaxillofacial surgery / _bedited by Dave Clark. |
| 260 |
_aNew Jersey : _bFoster Academics, _cc.2015. |
||
| 300 |
_avii, 88 p. : _bill. ; _c24 cm. |
||
| 504 | _aIncludes bibliographical references. | ||
| 650 | 7 |
_aMaxilla _xSurgery. _2BUEsh _935959 |
|
| 650 | 7 |
_aMouth _xSurgery. _2BUEsh _936856 |
|
| 650 | 7 |
_aFace _xSurgery. _2BUEsh _935960 |
|
| 651 | _2BUEsh | ||
| 653 |
_bDDent _cOctober2016 |
||
| 700 | 1 |
_aClark, Dave _eeditor. |
|
| 942 | _2ddc | ||
| 999 |
_c22480 _d22452 |
||